Figurines and other clay objects from Sarab and Cayonu /

محفوظ في:

المؤلف الرئيسي: Broman Morales, Vivian (مؤلف)

مؤلف مشترك: University of Chicago. Oriental Institute.

مؤلفون آخرون: Braidwood, Robert J. 1907-2003.

التنسيق: كتاب

اللغة: English

منشور في: Chicago : Oriental Institute of the University of Chicago, 1990.

سلاسل: Oriental Institute communications, 25.
OIC ; 25.

الموضوعات:

الوسوم: إضافة وسم

لا توجد وسوم, كن أول من يضع وسما على هذه التسجيلة!

رقم الطلب: DS41 .C53 v.25

LEADER 01349namaa2200373 4500
001 12388
003 OSt
005 20250326084833.0
008 130303s1990 iluaf b 000 0 eng d
020 |a 0918986591 
020 |a 9780918986597 
040 |c ARCE Library 
043 |a a-tu---  |a a-ir--- 
050 4 |a DS41 .C53 v.25 
100 1 |a Broman Morales, Vivian,  |e author  |9 27346 
245 1 0 |a Figurines and other clay objects from Sarab and Cayonu /  |c Vivian Broman Morales ; with preface by R. J. Braidwood. 
264 1 |a Chicago :  |b Oriental Institute of the University of Chicago,  |c 1990. 
300 |a xv, 92 pages, [1] pages of plates :   |b illustration ;   |c 30 cm. 
336 |2 rdacontent  |a text  |b txt 
337 |2 rdamedia  |a unmediated  |b n 
338 |2 rdacarrier  |a volume  |b n 
490 0 |a Oriental Institute communications,   |x 0146-678x ;  |v 25. 
490 0 |a OIC ;   |v 25. 
504 |a Includes bibliographical references (p. 89-92) 
650 0 |a Pottery figures, Prehistoric  |z Iran.  
650 0 |a Pottery figures, Prehistoric  |z Turkey. 
651 0 |a Cayonu Site (Turkey)  |9 17429 
651 0 |a Sarab Site (Iran)  |9 17430 
651 0 |a Turkey  |x Antiquities. 
700 1 |a Braidwood, Robert J.  |q (Robert John),  |d 1907-2003. 
710 2 |a University of Chicago.  |b Oriental Institute. 
901 |a reviewed 
942 |c BK  |2 lcc 
999 |c 10776  |d 10776